Ο νόμος πλαίσιο για τη δομή και τη λειτουργία των Α.Ε.Ι. : (όπως ισχύει σήμερα)

Saved in:
Bibliographic Details
Main Author: Κλάδης, Διονύσης
Other Authors: Πανούσης, Γιάννης Απ., 1949-
Format: Book
Language:Greek
Published: Αθήνα ; Κομοτηνή : Αντ.Ν.Σακκουλάς, 1996.
Edition:5η έκδ.
Subjects:
Tags: Add Tag
No Tags, Be the first to tag this record!

MARC

LEADER 00000cam a2200000 i 4500
001 1/19003
008 010327s1996 gr | ||| |||| ||gre||
020 |a 9602325380 
035 |l 10066695 
040 |a GR-MyUA  |b gre  |e AACR2 
041 0 |a gre 
082 0 |a 378.101209495 
100 1 |a Κλάδης, Διονύσης. 
245 1 2 |a Ο νόμος πλαίσιο για τη δομή και τη λειτουργία των Α.Ε.Ι. :   |b (όπως ισχύει σήμερα) /   |c Διονύση Κλάδη, Γιάννη Πανούση.  
250 |a 5η έκδ.  
260 |a Αθήνα ; Κομοτηνή :   |b Αντ.Ν.Σακκουλάς,   |c 1996.  
300 |a 392 σ. ;   |c 21 εκ.  
650 0 0 |a Educational law and legislation  |z Greece. 
650 0 0 |a Education, Higher  |z Greece. 
650 0 0 |a Higher education and state  |z Greece. 
700 1 |a Πανούσης, Γιάννης Απ.,   |d 1949- 
852 |a INST  |b RHODES  |e 20010327  |h 378.101209495 ΚΛΑ  |p 005400017087  |q 005400017087  |t REF  |y 23 
852 |a INST  |b SAMOS  |e 20041005  |h 378.101209495 ΚΛΑ  |p 005300023075  |q 005300023075  |t REF  |y 23 
901 |a BIBL3-2004-3 
901 |a BIBL4-2001-1 
909 |a Σ  |b 107574 
909 |a Ρ  |b 084943 
922 |a 4ΔΩΡ  |b 200103  |c ΔΩΡΕΑ 
970 |a ΚΟΥΛΑΚΙΟΤΗ  |b ΛΙΤΣΑ  |z 2001/03/27